[Event "Santa Catarina-ch 64th "]
[Site "Lages"]
[Date "2020.02.15"]
[Round "3"]
[White "Thurow, Richard Ariel"]
[Black "Kannenberg, Brayan Kelvin Greth"]
[Result "1-0"]
[WhiteElo "1287"]
[BlackElo "1045"]
[PlyCount "83"]
[EventDate "2020.02.14"]
[EventType "swiss"]
[EventRounds "6"]
[EventCountry "BRA"]
[SourceTitle "CBM 195 Extra"]
[Source "ChessBase"]
[SourceDate "2020.05.31"]
[SourceVersion "1"]
[SourceVersionDate "2020.05.31"]
[SourceQuality "1"]

1. d4 d5 2. Nc3 e6 3. e4 Nf6 4. e5 Ne4 5. Qd3 Nxc3 6. bxc3 b6 7. Nf3 h6 8. c4 Ba6 9. Qb3 Be7 10. Nd2 0-0 11. cxd5 Bxf1 12. Nxf1 exd5 13. Ne3 Nc6 14. c3 Na5 15. Qxd5 Qxd5 16. Nxd5 Bd8 17. 0-0 c5 18. Ba3 Nc4 19. Bc1 cxd4 20. cxd4 Re8 21. Re1 Nd6 22. Bf4 Nf5 23. Rad1 Rc8 24. g4 Nh4 25. Kf1 Nf3 26. Re3 Nh4 27. Rde1 Ng6 28. e6 Kf8 29. h4 Nxf4 30. e7+ Bxe7 31. Nxe7 Rc2 32. Ng6+ fxg6 33. Rxe8+ Kf7 34. R8e7+ Kf8 35. h5 Nh3 36. R1e3 Rxf2+ 37. Ke1 Rxa2 38. Rb7 Ra1+ 39. Kd2 Ra2+ 40. Kc1 Nf4 41. Rc3 Nd5 42. Rc8# 1-0

[Event "Blumenau STD op"]
[Site "Blumenau"]
[Date "2018.09.28"]
[Round "1"]
[White "Valim, Luiz Claudio"]
[Black "Thurow, Richard Ariel"]
[Result "1-0"]
[WhiteElo "1931"]
[BlackElo "1308"]
[PlyCount "43"]
[EventDate "2018.09.28"]
[EventType "swiss"]
[EventRounds "6"]
[EventCountry "BRA"]
[SourceTitle "EXT 2020"]
[Source "ChessBase"]
[SourceDate "2019.10.17"]
[SourceVersion "1"]
[SourceVersionDate "2019.10.17"]
[SourceQuality "1"]

1. e4 e5 2. Nf3 Nc6 3. Bc4 Bc5 4. b4 Bxb4 5. c3 Bc5 6. d4 exd4 7. Qb3 Qe7 8. 0-0 Nf6 9. e5 Ne4 10. Re1 Nxc3 11. Nxc3 dxc3 12. Bg5 f6 13. exf6 Qxe1+ 14. Rxe1+ Kf8 15. fxg7+ Kxg7 16. Qxc3+ Bd4 17. Re7+ Nxe7 18. Qxd4+ Kg6 19. Qf6+ Kh5 20. Qh6+ Kg4 21. h3+ Kf5 22. Bd3# 1-0

[Event "Santa Catarina State-ch U20"]
[Site "Blumenau"]
[Date "2018.08.26"]
[Round "5"]
[White "Thurow, Richard Ariel"]
[Black "Cabral, Mauricio Balluta"]
[Result "0-1"]
[WhiteElo "1798"]
[BlackElo "1116"]
[PlyCount "76"]
[EventDate "2018.08.24"]
[EventType "swiss"]
[EventRounds "6"]
[EventCountry "BRA"]
[SourceTitle "EXT 2019"]
[Source "ChessBase"]
[SourceDate "2018.10.10"]
[SourceVersion "1"]
[SourceVersionDate "2018.10.10"]
[SourceQuality "1"]

1. e4 e5 2. Nf3 Nc6 3. Bc4 Nd4 4. 0-0 Nxf3+ 5. Qxf3 Nf6 6. Nc3 Bb4 7. Nd5 Nxd5 8. Bxd5 0-0 9. c3 Bc5 10. b4 c6 11. bxc5 cxd5 12. exd5 d6 13. d4 b6 14. Qg3 Qf6 15. Bg5 Qg6 16. cxb6 axb6 17. dxe5 dxe5 18. Qxe5 f6 19. Bxf6 Qxf6 20. Qc7 Qg5 21. g3 Qxd5 22. f3 Bh3 23. c4 Qd4+ 24. Kh1 Bxf1 25. Rxf1 Rxa2 26. Qe7 Qxc4 27. Qe1 Rd2 28. Rf2 Rxf2 29. Qxf2 Qc1+ 30. Kg2 Qc6 31. h4 b5 32. Qe3 Qc2+ 33. Qf2 Qxf2+ 34. Kxf2 Re8 35. g4 b4 36. h5 b3 37. Kg3 b2 38. Kf4 b1Q 0-1